Procedure in the law of succession in Kenya / (Record no. 4419)

MARC details
000 -LEADER
fixed length control field 00605cam a22002052 4500
001 - CONTROL NUMBER
control field 0000023708
005 - DATE AND TIME OF LATEST TRANSACTION
control field 20151217145943.0
008 - FIXED-LENGTH DATA ELEMENTS--GENERAL INFORMATION
fixed length control field 130319s xx 000 0 eng d
020 ## - INTERNATIONAL STANDARD BOOK NUMBER
International Standard Book Number 9966031129 :
040 ## - CATALOGING SOURCE
Original cataloging agency KABU
Transcribing agency KABU
100 1# - MAIN ENTRY--PERSONAL NAME
Personal name Ang'awa, Mary A.
-- 0000183372
245 10 - TITLE STATEMENT
Title Procedure in the law of succession in Kenya /
Statement of responsibility, etc. Mary A. Ang'awa.
250 ## - EDITION STATEMENT
Edition statement 1st ed.
260 ## - PUBLICATION, DISTRIBUTION, ETC. (IMPRINT)
Place of publication, distribution, etc. Nairobi :
Name of publisher, distributor, etc. LawAfrica,
Date of publication, distribution, etc. 2011.
300 ## - PHYSICAL DESCRIPTION
Extent xxiv, 242 p.
650 #0 - SUBJECT ADDED ENTRY--TOPICAL TERM
Topical term or geographic name as entry element Succession (Law)
Geographic subdivision Kenya.
-- 0000183373
852 1# - LOCATION
-- p1600 KES
908 ## - PUT COMMAND PARAMETER (RLIN)
Put command parameter 130319
950 ## - LOCAL HOLDINGS (RLIN)
-- 1
Holdings
Withdrawn status Lost status Source of classification or shelving scheme Not for loan Home library Current library Date acquired Total Checkouts Total Renewals Full call number Barcode Date last seen Date last checked out Copy number Price effective from Koha item type
    Library of Congress Classification   Kabarak, Main Campus Kabarak, Main Campus 17/12/2015 7 2 KSK770 .A54 2011 c. 4 029647 21/02/2025 06/02/2025 C.4 17/12/2015 General Collection
    Library of Congress Classification   Kabarak, Main Campus Kabarak, Main Campus 17/12/2015     KSK770 .A54 2011 c. 5 014831 17/12/2015     17/12/2015 General Collection
    Library of Congress Classification   Kabarak, Main Campus Kabarak, Main Campus 17/12/2015 17 3 KSK770 .A54 2011 c. 2 014826 04/04/2025 19/03/2025   17/12/2015 General Collection
    Library of Congress Classification   Kabarak, Main Campus Kabarak, Main Campus 17/12/2015 17 3 KSK770 .A54 2011 c. 3 014825 04/04/2025 19/03/2025   17/12/2015 General Collection
    Library of Congress Classification   Kabarak, Main Campus Kabarak, Main Campus 17/12/2015 4   KSK770 .A54 2011 c. 1 014827 15/07/2019 09/07/2019   17/12/2015 Africana Collection
Designed with assistance from East African Informatics Ltd